Life-cost approach to building evaluation (Record no. 104110)
[ view plain ]
| 000 -LEADER | |
|---|---|
| fixed length control field | 00976cam a2200217 4500 |
| 001 - CONTROL NUMBER | |
| control field | L129141 |
| 008 - FIXED-LENGTH DATA ELEMENTS--GENERAL INFORMATION | |
| fixed length control field | 050322n2005 000 0 eng u |
| 020 ## - INTERNATIONAL STANDARD BOOK NUMBER | |
| International Standard Book Number | 0750666307 |
| 035 ## - SYSTEM CONTROL NUMBER | |
| System control number | (Sirsi) u129141 |
| 041 ## - LANGUAGE CODE | |
| Language code of text/sound track or separate title | eng |
| 050 ## - LIBRARY OF CONGRESS CALL NUMBER | |
| Classification number | 658.202 |
| -- | 18 |
| 100 ## - MAIN ENTRY--PERSONAL NAME | |
| Personal name | Langston, Craig A. |
| 245 ## - TITLE STATEMENT | |
| Title | Life-cost approach to building evaluation |
| 260 ## - PUBLICATION, DISTRIBUTION, ETC. | |
| Place of publication, distribution, etc. | Oxford |
| -- | lsevier Butterworthworth Heinemann |
| Date of publication, distribution, etc. | 2005 |
| 300 ## - PHYSICAL DESCRIPTION | |
| Extent | 255p. |
| Dimensions | 24cm. |
| 350 ## - PRICE (NR) (BK AM CF MU VM SE) [OBSOLETE] | |
| Price | 29.99 |
| 520 ## - SUMMARY, ETC. | |
| Summary, etc. | Aimed at students who are undertaking courses in construction, property, engineering and architecture, this book covers the fundamentals of life-cost studies in the built environment. Includes the time value of money, discounted cash flow analysis, differential price level movement and affordability fluctuations. Contains presentation materials to facilitate face to face and online learning and also review questions. |
| 590 ## - LOCAL NOTE (RLIN) | |
| Local note | IKA070605 |
| 690 ## - LOCAL SUBJECT ADDED ENTRY--TOPICAL TERM (OCLC, RLIN) | |
| Topical term or geographic name as entry element | BUILT ENVIRONMENT-BUILDING COSTS |
| 942 ## - ADDED ENTRY ELEMENTS (KOHA) | |
| Suppress in OPAC | 0 |
| Withdrawn status | Lost status | Source of classification or shelving scheme | Damaged status | Not for loan | Home library | Current library | Shelving location | Date acquired | Cost, normal purchase price | Total Checkouts | Full call number | Barcode | Date last seen | Date last checked out | Copy number | Cost, replacement price | Price effective from | Koha item type |
|---|---|---|---|---|---|---|---|---|---|---|---|---|---|---|---|---|---|---|
| Dewey Decimal Classification | London | London | Basement | 02/06/2005 | 25.49 | 16 | 658.202 LAN | 50011741 | 06/08/2019 | 21/01/2009 | 1 | 25.49 | 06/08/2019 | Book |